000 00587nam a22001697a 4500
999 _c13495
_d13495
008 190327b ||||| |||| 00| 0 eng d
020 _a9780823257065
082 _22014
_aAV-Eb 001.3
_bB873
100 _aBrooks, Peter .
_937738
245 _aThe humanities and public life /
_cedited by Peter Brooks.
260 _bFordham University Press,
_c©2014.
300 _a173 pages;
500 _aIncludes index.
650 _aReading - Moral and ethical aspects
_937739
856 _yhttps://ebookcentral.proquest.com/lib/uniofmindanao-ebooks/detail.action?docID=3239866
942 _2ddc
_cEB